|
|
|
|
| LEADER |
00000nam a2200000 a 4500 |
| 001 |
vtls009357627 |
| 003 |
SK-MaSNL |
| 005 |
20260301024328.0 |
| 008 |
240314s2004 xxua g 001 0 eng |
| 020 |
|
|
|a 0375507884
|q (viaz.)
|
| 040 |
|
|
|a SNK
|b slo
|c SNK
|e AACR2
|
| 041 |
0 |
|
|a eng
|
| 043 |
|
|
|a n-us-ny
|
| 044 |
|
|
|a xxu
|c US
|
| 072 |
|
7 |
|a 94(734)
|x Dejiny severovýchodných štátov USA
|2 konspekt
|
| 080 |
|
|
|a 94(734.7)
|2 2001
|
| 080 |
|
|
|a (048.8)
|2 2001
|
| 100 |
1 |
|
|a Traub, James
|4 aut
|9 318213
|
| 245 |
1 |
4 |
|a The devil's playground
|b a century of pleasure and profit in Times Square
|c James Traub
|
| 250 |
|
|
|a 1st ed.
|
| 260 |
|
|
|a New York
|b Random House
|c c2004
|
| 300 |
|
|
|a xvii, 313 s.
|b fotogr.
|c 25 cm
|
| 504 |
|
|
|a Obsahuje bibliografické odkazy a reg.
|
| 651 |
|
7 |
|a Times Square (New York, N. Y.)
|2 SNKPH
|9 318214
|
| 651 |
|
7 |
|a New York (N.Y.)
|2 SNKPH
|9 19319
|
| 655 |
|
7 |
|a monografie
|2 SNKPH
|9 70139
|
| 919 |
|
|
|a 0-375-50788-4
|
| 999 |
|
|
|c 570943
|d 572873
|
| 952 |
|
|
|a SNK
|b SNK
|y VYP
|7 0
|p 17A0605446
|o snkIC 137287
|i snk2009/1265
|8 2
|g 16.60
|0 0
|1 0
|4 0
|d 2008-11-05
|l 0
|r 2026-02-23 14:14:42
|w 2026-02-23
|